02693nam a22003137a 4500003000900000008004100009040007100050082002500121110004700146245013200193260005500325300005000380440006600430505146500496650002701961650002301988650002002011650001802031650002902049700002902078700002102107700001802128700004002146700003302186700003202219710003402251710002602285856006802311AR-CdUCM190515b ||||| |||| 00| 0 spa d aMUNICIPALIDAD PROVINCIAL DEL CUSCOcBIBLIOTECA MUNICIPAL DEL CUSCO aMVirreynal/N°2/1966 aCasa de la Cultura departamental del Cuzco aRevista del Museo Virreynal /cCasa de la Cultura del Perú, Casa de la Cultura departamental del Cuzco, Museo Virreynal Cuzco aCusco :bH.G.Rozas,bMuseo Virreynal Cuzco,c1966. a78 [38] páginas. :bilustraciones ;c28 cm. aRevista del Museo Virreynal.nAño II, N°2, noviembre 1966. aContenido: Historia de la fundación del Museo Virreynal del Cuzco. Luis A. Pardo -- Un Museo Histórico Regional para el Cuzco. Toribio Guerra Vereau -- Rumbo del arte peruano. Alfredo Yépez Miranda -- Con ocasión de. recordar a Tupac Amaru. Luis Felipe Paredes -- Zelenque. Doña Clorinda Matto de Turner -- ¡Salve Cuzco Magnífico! Hernando Vega Centeno Farfán -- Construcción en adobe. Oscar Ladrón de Guevara Avilés -- El Contador General del Incanato según Huamán Poma de Ayala. Carmela Pérez de Alarcón -- Apuntes para la Historia del Blasón Heráldico del Cuzco. Teófilo Benavente -- Tambo de Montero. José María Blanco -- Don Mateo García Pumacahua. Alcides Estrada -- El Ilmo. Obispo Don Manuel de Mollínedo y Angulo. Horacio Villanueva Urteaga -- Espergesia. Cesar Vallejo -- Espergesia, traducción libre al quechua. Efraín Chevarria -- Don Bartolomé Huamán Quispe. Teofilo Benavente -- San Pedro de Canchis tiene una Campana fechada en 1560. Teófilo Benavente -- La cena miserable. Cesar Vallejo -- Yarqay Mikhuy traducción libre al quechua. Efraín Chavarría -- La casa de Juan de Salas y Valdéz -- Cuzco una de las siete maravillas del Mundo. Alfredo Yépez Miranda -- Informe presentado por la CRIF. templo y ciudadela de Wiracocha -- Informe de la Casa de la Cultura del Cuzco. -- Crónica del Museo -- Joyas del Museo -- Los santos y las artesanías cusqueñas -- Ambientes del museo. aArquitectura religiosa aPintura cusqueña aArte cusqueño aObras de arte aClorinda Matto De Turner aYépez Miranda, Alfredo aEstrada, Alcides aPardo, Luis A aLadrón de Guevara Avilés, Oscar aBenavente Velarde, Teófilo aVillanueva Urteaga, Horacio aCasa de la Cultura del Perú aMuseo Virreynal Cuzco uhttp://bvirtual.culturacusco.gob.pe/items/show/24zLeer digital